MARC details
| 000 -LEADER |
| fixed length control field |
01395cam a2200361 a 4500 |
| 001 - CONTROL NUMBER |
| control field |
14105433 |
| 003 - CONTROL NUMBER IDENTIFIER |
| control field |
OSt |
| 005 - DATE AND TIME OF LATEST TRANSACTION |
| control field |
20230623082049.0 |
| 008 - FIXED-LENGTH DATA ELEMENTS--GENERAL INFORMATION |
| fixed length control field |
050912s1992 onc d f000 0 eng d |
| 010 ## - LIBRARY OF CONGRESS CONTROL NUMBER |
| LC control number |
2005432395 |
| 020 ## - INTERNATIONAL STANDARD BOOK NUMBER |
| International Standard Book Number |
0662590635 |
| 035 ## - SYSTEM CONTROL NUMBER |
| System control number |
(OCoLC)ocm27479979 |
| 040 ## - CATALOGING SOURCE |
| Original cataloging agency |
GZP |
| Transcribing agency |
GZP |
| Modifying agency |
OCLCQ |
| -- |
DLC |
| 041 0# - LANGUAGE CODE |
| Language code of text/sound track or separate title |
eng |
| -- |
fre |
| 042 ## - AUTHENTICATION CODE |
| Authentication code |
lccopycat |
| 043 ## - GEOGRAPHIC AREA CODE |
| Geographic area code |
n-cn--- |
| 050 00 - LIBRARY OF CONGRESS CALL NUMBER |
| Classification number |
|
| Item number |
|
| 082 ## - DEWEY DECIMAL CLASSIFICATION NUMBER |
| Classification number |
328.7105 |
| Item number |
CHC |
| 110 1# - MAIN ENTRY--CORPORATE NAME |
| Corporate name or jurisdiction name as entry element |
Canada. |
| Subordinate unit |
Parliament. |
| -- |
House of Commons. |
| 245 12 - TITLE STATEMENT |
| Title |
A glossary of parliamentary procedure / |
| Statement of responsibility, etc. |
House of Commons, Canada. |
| 246 15 - VARYING FORM OF TITLE |
| Title proper/short title |
Vocabulaire de procédure parlementaire / Chambre des communes, Canada |
| 260 ## - PUBLICATION, DISTRIBUTION, ETC. (IMPRINT) |
| Place of publication, distribution, etc. |
[Ottawa] : |
| Name of publisher, distributor, etc. |
Clerk of the House of Commons = Greffier de la Chambre des communes, |
| Date of publication, distribution, etc. |
c1992. |
| 300 ## - PHYSICAL DESCRIPTION |
| Extent |
iii, 42, 47, iii p. ; |
| Dimensions |
28 cm. |
| 500 ## - GENERAL NOTE |
| General note |
Cat. no. X9-18/1992. |
| 546 ## - LANGUAGE NOTE |
| Language note |
English and French texts bound together back-to-back and inverted. |
| 610 10 - SUBJECT ADDED ENTRY--CORPORATE NAME |
| Corporate name or jurisdiction name as entry element |
Canada. |
| Subordinate unit |
Parliament. |
| -- |
House of Commons |
| Form subdivision |
Rules and practice |
| -- |
Dictionaries. |
| 650 #0 - SUBJECT ADDED ENTRY--TOPICAL TERM |
| Topical term or geographic name as entry element |
Parliamentary practice |
| Geographic subdivision |
Canada |
| Form subdivision |
Dictionaries. |
| 650 #0 - SUBJECT ADDED ENTRY--TOPICAL TERM |
| Topical term or geographic name as entry element |
English language |
| Form subdivision |
Dictionaries |
| General subdivision |
French. |
| 650 #0 - SUBJECT ADDED ENTRY--TOPICAL TERM |
| Topical term or geographic name as entry element |
French language |
| Form subdivision |
Dictionaries |
| General subdivision |
English. |
| 906 ## - LOCAL DATA ELEMENT F, LDF (RLIN) |
| a |
7 |
| b |
cbc |
| c |
copycat |
| d |
3 |
| e |
ncip |
| f |
20 |
| g |
y-gencatlg |
| 942 ## - ADDED ENTRY ELEMENTS (KOHA) |
| Source of classification or shelving scheme |
Dewey Decimal Classification |
| Koha item type |
Books |